| 000 | 00909cam a2200217 4500 | ||
|---|---|---|---|
| 001 | WB3721-21 | ||
| 008 | 000000n2001 000 0 eng u | ||
| 035 | _a(Sirsi) u112881 | ||
| 245 | _aRelief fund targets worst-ravaged areas | ||
| 260 | _c2001 | ||
| 490 |
_aEstates Gazette _v(0121) 26 May 2001, 61(1) |
||
| 520 | _aReports on the steps being taken to help recovery from foot and mouth. £275m has been pledged by the government to rural businesses and central funds will also go into a £50m Rural Business Recovery Fund run by the Regional Development Agencies. Includes brief details on the forthcoming RICS six-point blueprint for recovery from foot and mouth. | ||
| 590 | _aWB | ||
| 650 | _aFOOT-AND-MOUTH DISEASE | ||
| 650 | _aGOVERNMENT AID | ||
| 650 | _aRURAL TASKFORCE | ||
| 650 | _aRELIEF PAYMENTS | ||
| 650 | _aRICS POLICY | ||
| 690 | _aRURAL-AGRICULTURE AND FORESTRY | ||
| 942 | _n0 | ||
| 999 |
_c67198 _d67198 |
||